02016agaaa2200313 45000010005000000030009000050050017000140070009000310080040000400400023000800410013001031000046001161300011001622450201001732500022003742600129003963000034005255080252005595110092008115200394009035380016012975460013013136500065013267000063013917000065014547000058015197000070015777000055016479426IT-RoPAU20220918181247.0d cvaizq50131s9999||||xx ||| | || ||und|| aIT-RoPAUcIT-RoPAU aITALIANO aMann AnthonygCodice regista SPICS: 13306 aEL CID aEL CIDcProdotto da: Bronston S. Prades J -- Sceneggiatura: Fabbri Diego Franchina Basilio Frank Fredric M. Yordan Philip -- Diretto da: Mann AnthonypEL CID (Rif. Codice opera principale : H9426) aEdizione Standard aSPAGNA (ITA - USA - SPA)bDEAR FILM - SAMUEL BRONSTON / Distribuzione: DISPg"1961 (1° ed.: 2009 ; Ed. Lingua Orig.: 1961)" aDVDbsonoro, col.c183 minuti a"Fotografia: Krasker R. Dallamano; Montaggio: Lucidi R. Lawrence R; Musica: Rozsa Miklos; Sceneggiatura: Fabbri Diego Franchina Basilio Frank Fredric M. Yordan Philip; Scenografia: Colasnti V. Moore J.; Soggetto: Frank Frederic M. -- Fabbri Diego" a"Heston Charlton; Loren Sophia; Vallone Raf; Page Genevieve; Fraser John; Raymond Gary" aSPAGNA, XI SECOLO: IL GIOVANE CAVALIERE RODRIGO DIAZ DE BIVAR AMA LA BELLAJIMENA MA RISCHIA DI PERDERLA DOPO AVER UCCISO A DUELLO IL PADRE DELLA GIOVANE. ANNI DOPO RODRIGO, RIBATTEZZATO EL CID E' DIVENUTO UN VALOROSO CONDOTTIERO CHE CO CORAGGIO RESPINGERA' L'INVASIONE ARABA, PAGANDO LA SALVEZZA DEL SUO PAESE CON LA MORTE. CONTENUTI EXTRA: BIOGRAFIA DEL REGISTA E DEGLI ATTORI PRINCIPALI. aPAL, STEREO aITALIANO aDRAMMA - STORICOeDVD-FILM [DVD]xCodice MATERIA SPICS: 9947 aFabbri Diego e(soggetto)gCodice Soggetto 2° SPICS: 6872 aFrank Frederic M. e(soggetto)gCodice Soggetto SPICS: 32042 aMann Anthony e(regista)gCodice regista SPICS: 13306 aPaolucci Giovannie(regista)gCodice secondo regista SPICS: 19884 aRozsa Miklose(musica)gCodice Musica SPICS: 11130